| 000 | 00812nam a22002417a 4500 | ||
|---|---|---|---|
| 005 | 20180604145110.0 | ||
| 010 | _aENG-97847 B-424978-989 | ||
| 020 |
_a9788120339323 _c250.00 |
||
| 035 | _aEN-81380 | ||
| 035 | _aB-424978-989 | ||
| 037 | _bDBAD/PUB | ||
| 037 | _bResearchco Book Centre | ||
| 082 | _a512.02 | ||
| 100 | _aSheth, I. H. | ||
| 245 |
_aAbstract algebra / _cby I. H. Sheth |
||
| 260 |
_aNew Delhi _bPHI Learning _c2009 |
||
| 270 |
_aM-97, Connaught Circus _bNew Delhi _e110006 |
||
| 300 |
_axvii,373p. _c24cm (pbk) |
||
| 500 | _aIncludes references and index | ||
| 650 | _aAlgebra, Abstract | ||
| 942 |
_2ddc _cEN _h512.02 _mSHE |
||
| 999 |
_c38953 _d38953 |
||